000 01187nam a22003017a 4500
001 5198
003 FISKH
005 20241119081719.0
008 241119b cb ||||| |||| 00| 0 eng d
020 _a9780746009949
040 _aFISKH
_beng
_cFISKH
_dFISKH
050 _aQC527.2
082 _a537
100 _aAdamczyk, Peter
245 _aElectricity and Magnetism /
_cby Peter Adamczyk and Paul- Francis Law
260 _aLondon :
_bUsborne Publishing Ltd ;
_c1993 .
300 _a32 pages :
_bcolor illustrations ;
_c26 cm .
490 _aUsborne Understanding Science
505 _aZ
520 _aElectricity and magnetism untangles the mysterious properties of magnets, and examines what electricity really is. It delves into the past to reveal some of the most amazing (and sometimes accidental) historical breakthroughs, as well as considering dramatic developments that will radically affect our lives in the 21st century.
521 8 _a1050
_bLexile IG
521 8 _aZ
_bRaz-Plus
650 _aphysical science
_vnon-fiction
650 _amagnetism
_vnon-fiction
700 _aBurton, Andy
_eillustrator
942 _2ddc
_cBK
_n0
999 _c5198
_d5198